Trouve les paroles : Nightcore - Je t'aime mais je te hais - Statistiques

Statistiques générales
  • Ce quiz a été pris 31 fois
  • Le résultat moyen est 236 sur 366
Statistiques - réponses
Paroles % Correct
je
95%
Je
95%
ta
95%
t'aime
95%
te
95%
à
90%
de
90%
hais
90%
mais
86%
déteste
81%
ne
81%
se
81%
la
76%
76%
pas
76%
que
76%
Que
76%
toi
76%
me
71%
sais
71%
tu
71%
Tu
71%
un
71%
autre
67%
ce
67%
elle
67%
tes
67%
belle
62%
ça
62%
comme
62%
Comme
62%
et
62%
Et
62%
jamais
62%
le
62%
plus
62%
pour
62%
t'aimer
62%
veux
62%
aimer
57%
ces
57%
j'ai
57%
J'ai
57%
manque
57%
si
57%
trouves
57%
autant
52%
manques
52%
moi
52%
peux
52%
vois
52%
café
48%
chaque
48%
fous
48%
les
48%
lèvres
48%
mal
48%
48%
peur
48%
Pourtant
48%
pourtant
48%
qu'on
48%
t'avouer
48%
tout
48%
besoin
43%
fois
43%
manger
43%
miennes
43%
n'es
43%
passer
43%
réalise
43%
regarder
43%
- Sentiments
43%
sentiments
43%
sentir
43%
sur
43%
temps
43%
t'en
43%
voit
43%
dors
38%
femme
38%
juste
38%
n'serais
38%
penses
38%
quand
38%
seule
38%
t'observe
38%
vu
38%
après
33%
c'est
33%
fin
33%
font
33%
j'aille
33%
mot
33%
n'ai
33%
n'en
33%
parfois
33%
usés
33%
amis
29%
blanches
29%
encore?
29%
faire
29%
fatiguée
29%
l'on
29%
n'as
29%
nuits
29%
place
29%
pourrais
29%
qu'un
29%
rêvait
29%
souviens
29%
debout
24%
dire
24%
dit
24%
fais
24%
liras
24%
message
24%
ses
24%
t"écris
24%
tiens
24%
tort
24%
yeux
24%
chose
19%
Comment
19%
m'aimes
19%
n'ont
19%
partir
19%
Personne
19%
regrettes
19%
sait
19%
briller
14%
cauchemard
14%
laissée
10%
l'as
10%
n'croiras
10%
remarques
10%
tues
10%
m'serais
5%
Aucun quiz correspondant
Distribution des résultats
% des personnes avec chaque résultat
Percentile par nombre de réponses
Votre historique - résultats
Vous n’avez pas pris ce quiz